书目信息 |
| 题名: |
中国旅游购物地图
|
|
| 作者: | 成有子 , 阿宏 编著 | |
| 分册: | ||
| 出版信息: | 深圳 海天出版社 2004 |
|
| 页数: | 313页 | |
| 开本: | 20cm | |
| 丛书名: | 生活之旅 | |
| 单 册: | ||
| 中图分类: | F762.7 | |
| 科图分类: | ||
| 主题词: | 土特产品--简介--中国 | |
| 电子资源: | ||
| ISBN: | 7-80654-986-2 | |
| 000 | 00818oam2 2200253 45 | |
| 001 | 002570011 | |
| 005 | 20050111091726.6 | |
| 010 | @a7-80654-986-2@dCNY21.50 | |
| 100 | @a20040203d2004 em y0chiy0110 ea | |
| 101 | 0 | @achi |
| 102 | @aCN@b440000 | |
| 105 | @aa z 000yy | |
| 200 | 1 | @a中国旅游购物地图@Azhong guo lv you gou wu di tu@f成有子,阿宏编著@FCheng You Zi,A Hong Bian Zhu |
| 210 | @a深圳@c海天出版社@d2004 | |
| 215 | @a313页@c图@d20cm | |
| 225 | 2 | @a生活之旅 |
| 330 | @a本书编录了北京、上海、天津、重庆、辽宁、内蒙古、山西、甘肃、青海、广西、福建、浙江、江苏、江西、山东等各地的地方特产。 | |
| 410 | @12001 @a生活之旅 | |
| 606 | 0 | @a土特产品@x简介@y中国 |
| 690 | @aF762.7@v4 | |
| 701 | 0 | @a成有子@4编著 |
| 701 | 0 | @a阿宏@4编著 |
| 801 | 0 | @aCN@bNLC@c20040524 |
| 905 | @b342277-279@dF762.7@e14@f3 | |
| 中国旅游购物地图/成有子,阿宏编著.-深圳:海天出版社,2004 |
| 313页:图;20cm.-(生活之旅) |
| ISBN 7-80654-986-2:CNY21.50 |
| 本书编录了北京、上海、天津、重庆、辽宁、内蒙古、山西、甘肃、青海、广西、福建、浙江、江苏、江西、山东等各地的地方特产。 |
| ● |
| 相关链接 |
|
|
|
|
正题名:中国旅游购物地图
索取号:F762.7/14
 
预约/预借
| 序号 | 登录号 | 条形码 | 馆藏地/架位号 | 状态 | 备注 |
| 1 | 0342277 | 203422778 | 第一样本阅览室/ [索取号:F762.7/14] | 在馆 | |
| 2 | 0342278 | 203422787 | 第一借阅区/ [索取号:F762.7/14] | 在馆 | |
| 3 | 0342279 | 203422796 | 第一借阅区/ [索取号:F762.7/14] | 在馆 |